Caminos para la educación (Registro nro. 3276)
[ vista simple ]
| 000 -LEADER | |
|---|---|
| fixed length control field | 01155 a2200253 4500 |
| 001 - CONTROL NUMBER | |
| control field | 40626 |
| 005 - DATE AND TIME OF LATEST TRANSACTION | |
| control field | 20260407155702.0 |
| 008 - FIXED-LENGTH DATA ELEMENTS--GENERAL INFORMATION | |
| fixed length control field | 260407a2013 arg spa d |
| 003 - CONTROL NUMBER IDENTIFIER | |
| control field | AR-UNSa-BCEJYS |
| 040 ## - CATALOGING SOURCE | |
| Original cataloging agency | AR-UNSa-BCEJYS |
| Language of cataloging | spa |
| Transcribing agency | AR-UNSa-BCEJYS |
| 080 ## - UNIVERSAL DECIMAL CLASSIFICATION NUMBER | |
| Universal Decimal Classification number | 37.014 |
| Common auxiliary subdivision | Política educativa. Educación y vida pública (Intercambio de profesores y alumnos<br/>) |
| 020 ## - INTERNATIONAL STANDARD BOOK NUMBER | |
| International Standard Book Number | 978-950-641-782-6 |
| 041 ## - LANGUAGE CODE | |
| Language code of text/sound track or separate title | spa |
| 100 1# - MAIN ENTRY--PERSONAL NAME | |
| Personal name | Mezzadra, Florencia |
| 245 10 - TITLE STATEMENT | |
| Title | Caminos para la educación |
| Name of part/section of a work | bases, esencias e ideas de política educativa |
| 264 #1 - PRODUCTION, PUBLICATION, DISTRIBUTION, MANUFACTURE, AND COPYRIGHT NOTICE | |
| Place of production, publication, distribution, manufacture | Buenos Aires : |
| Name of producer, publisher, distributor, manufacturer | Granica |
| Date of production, publication, distribution, manufacture, or copyright notice | 2013 |
| 300 ## - PHYSICAL DESCRIPTION | |
| Extent | 271 p. |
| Dimensions | 22 cm. |
| 505 ## - FORMATTED CONTENTS NOTE | |
| Formatted contents note | 1. El poder de la política educativa - 2. Condiciones para gobernar la educación - 3. Hacer política educativa - 4. Políticas de inclusión y justicia distributiva - 5. Políticas para la docencia - 6. Políticas pedagógicas y curriculares - 7. Políticas de nuevas tecnologías para la educación |
| 590 ## - LOCAL NOTE (RLIN) | |
| Local note | niveau_biblio:m niveau_hierar:0 |
| 700 1# - ADDED ENTRY--PERSONAL NAME | |
| Personal name | Rivas, Axel |
| 700 1# - ADDED ENTRY--PERSONAL NAME | |
| Personal name | Veleda, Cecilia |
| 856 41 - ELECTRONIC LOCATION AND ACCESS | |
| Uniform Resource Identifier | <a href="https://biblioeco.unsa.edu.ar/pmb/images/libros/L126215.jpg">https://biblioeco.unsa.edu.ar/pmb/images/libros/L126215.jpg</a> |
| Link text | Imagen de portada |
| Electronic format type | image/jpeg |
| 942 ## - ADDED ENTRY ELEMENTS (KOHA) | |
| Koha item type | |
| Withdrawn status | Lost status | Damaged status | Not for loan | Home library | Current library | Shelving location | Date acquired | Total checkouts | Full call number | Barcode | Date last seen | Price effective from | Koha item type |
|---|---|---|---|---|---|---|---|---|---|---|---|---|---|
| Biblioteca Prof. Eusebio Cleto del Rey | Biblioteca Prof. Eusebio Cleto del Rey | 07/04/2026 | P37.014 R616 | L126215 | 07/04/2026 | 07/04/2026 | Libro | ||||||
| Biblioteca Prof. Eusebio Cleto del Rey | Biblioteca Prof. Eusebio Cleto del Rey | 07/04/2026 | P37.014 R616 | L126216 | 07/04/2026 | 07/04/2026 | Libro |